[Event "London Classic Open 2015"]
[Site "London ENG"]
[Date "2015.12.04"]
[Round "1.1"]
[White "Postny, Evgeny"]
[Black "Bates, Caspar J"]
[Result "1-0"]
[WhiteTitle "GM"]
[WhiteElo "2672"]
[BlackElo "2154"]
[WhiteFideId "2804344"]
[BlackFideId "414760"]
[EventDate "2015.12.04"]

1. d4 Nf6 2. c4 e6 3. Nf3 Bb4+ 4. Bd2 c5 5. Bxb4 cxb4 6. a3 Nc6 7. axb4 Nxb4 8.
Nc3 b6 9. e4 O-O 10. Bd3 d6 11. O-O Bb7 12. Re1 a5 13. Qd2 Rc8 14. Bf1 Ba6 15.
b3 Qc7 16. Rac1 Rfd8 17. Qe3 Qb8 18. h3 h6 19. d5 Nd7 20. dxe6 fxe6 21. Ne2 Nc5
22. Nf4 Bb7 23. e5 Bxf3 24. Qxf3 dxe5 25. Ng6 Qc7 26. Nxe5 Rd4 27. Qh5 Nxb3 28.
Rc3 Nc5 29. Ng4 Qf4 30. Rf3 Qg5 31. Qf7+ Kh8 32. Re5 Rd7 33. Rxg5 Rxf7 34. Rxc5
Rxc5 35. Rxf7 a4 36. Ra7 Ra5 37. Rxa5 bxa5 38. c5 Kg8 39. Ne5 Kf8 40. c6 Nd5 41.
Bc4 Nc7 42. f4 Ke7 43. Kf2 Kd6 44. Ke3 Nd5+ 45. Bxd5 exd5 46. Kd3 a3 47. Kc2 d4
48. Kb3 d3 49. Nxd3 Kxc6 50. f5 Kd5 51. g4 Ke4 52. h4 h5 53. f6 gxf6 54. gxh5 1-0

[Event "London Classic Open 2015"]
[Site "London ENG"]
[Date "2015.12.04"]
[Round "1.2"]
[White "Giannatos, Peter"]
[Black "Gharamian, Tigran"]
[Result "0-1"]
[BlackTitle "GM"]
[WhiteElo "2149"]
[BlackElo "2654"]
[WhiteFideId "2041650"]
[BlackFideId "13301527"]
[EventDate "2015.12.04"]

1. e4 g6 2. d4 Bg7 3. Nc3 a6 4. g3 b5 5. Bg2 Bb7 6. Nge2 d6 7. O-O Nd7 8. a4 b4
9. Na2 a5 10. c3 c5 11. Be3 Qb8 12. Nac1 Ngf6 13. Qc2 O-O 14. h3 cxd4 15. Bxd4
e5 16. Be3 d5 17. exd5 Nxd5 18. Bd2 bxc3 19. Nxc3 Nb4 20. Qb1 Rd8 21. Be3 Bxg2
22. Kxg2 Qb7+ 23. Kg1 Nb6 24. Nb3 Nc4 25. Bg5 f6 26. Bc1 Rab8 27. Rd1 Rxd1+ 28.
Nxd1 Nc6 29. Nc5 Qa7 30. Qa2 Qxc5 31. Ne3 Rb4 32. Bd2 Rxa4 33. Qxa4 Nxd2 34. Rd1
Nf3+ 35. Kg2 Nfd4 36. Rd3 h5 37. Rc3 Qd6 38. Qc4+ Kh7 39. Qf7 Ne6 40. Qe8 Ned8
41. Rc1 Bh6 42. Rd1 Nd4 0-1

[Event "London Classic Open 2015"]
[Site "London ENG"]
[Date "2015.12.04"]
[Round "1.3"]
[White "Melkumyan, Hrant"]
[Black "Lam, Daniel King-wai"]
[Result "1-0"]
[WhiteTitle "GM"]
[WhiteElo "2632"]
[BlackElo "2138"]
[WhiteFideId "13302485"]
[BlackFideId "6001238"]
[EventDate "2015.12.04"]

1. d4 d5 2. c4 c6 3. Nc3 Nf6 4. e3 e6 5. Nf3 Nbd7 6. Qc2 Bd6 7. Be2 dxc4 8. Bxc4
b5 9. Be2 Bb7 10. O-O O-O 11. a3 a6 12. b4 a5 13. Rb1 axb4 14. axb4 Qe7 15. Qb3
e5 16. h3 e4 17. Nd2 Nb6 18. f3 exf3 19. Nxf3 Nbd5 20. Nxd5 Nxd5 21. Bd2 Ra4 22.
e4 Qxe4 23. Bd3 Qe7 24. Rbe1 Qd7 25. Ng5 h6 26. Bf5 Qc7 27. Nxf7 Rxf7 28. Re8+
Bf8 29. Be6 1-0

[Event "London Classic Open 2015"]
[Site "London ENG"]
[Date "2015.12.04"]
[Round "1.4"]
[White "Rogiers, Jan"]
[Black "Edouard, Romain"]
[Result "0-1"]
[BlackTitle "GM"]
[WhiteElo "2132"]
[BlackElo "2635"]
[WhiteFideId "205109"]
[BlackFideId "633429"]
[EventDate "2015.12.04"]

1. d4 e6 2. c4 Bb4+ 3. Bd2 a5 4. g3 d5 5. Bg2 dxc4 6. Nf3 Nc6 7. e3 Nge7 8. O-O
O-O 9. Qe2 b6 10. Ne5 Nxe5 11. Bxb4 axb4 12. Bxa8 c6 13. dxe5 Ba6 14. Bb7 Bxb7
15. Qxc4 c5 16. a3 Nc6 17. f4 Na5 18. Qc2 Qd5 19. e4 Qd4+ 20. Rf2 Nc4 21. Nd2
Ne3 22. Qb1 Ng4 23. Qe1 Nxf2 0-1

[Event "London Classic Open 2015"]
[Site "London ENG"]
[Date "2015.12.04"]
[Round "1.5"]
[White "Lenderman, Aleksandr"]
[Black "Cumming, Rhys"]
[Result "1/2-1/2"]
[WhiteTitle "GM"]
[WhiteElo "2627"]
[BlackElo "2135"]
[WhiteFideId "2021285"]
[BlackFideId "470163"]
[EventDate "2015.12.04"]

1. d4 Nf6 2. c4 g6 3. Nc3 d5 4. Nf3 Bg7 5. e3 O-O 6. Bd2 c5 7. dxc5 Na6 8. cxd5
Nxc5 9. Bc4 a6 10. a4 b6 11. O-O Bb7 12. Be1 b5 13. axb5 axb5 14. Rxa8 Qxa8 15.
Nxb5 Nxd5 16. b4 Na4 17. Bxd5 Bxd5 18. Nc7 Bxf3 19. gxf3 Qa7 20. Nd5 e6 21. Nf4
Qa8 22. Kg2 Rb8 23. Nd3 Qd5 24. Qxa4 Qxd3 25. Qc6 Rb5 26. h4 Bf6 27. Qe4 Rd5 28.
Rh1 Qxe4 29. fxe4 Rd1 30. f4 Rb1 31. e5 Be7 32. Bc3 Rb3 33. Bd4 h5 34. Rc1 Rxb4
35. Rc8+ Kg7 36. Kg3 Rb7 37. Re8 Rd7 38. Rb8 Kh7 39. Bb6 Kg7 40. Bd4 Kh7 41. Bb6
Kg7 1/2-1/2

[Event "London Classic Open 2015"]
[Site "London ENG"]
[Date "2015.12.04"]
[Round "1.6"]
[White "Vanheirzeele, Daniel"]
[Black "Grigoriants, Sergey"]
[Result "1/2-1/2"]
[BlackTitle "GM"]
[WhiteElo "2145"]
[BlackElo "2603"]
[WhiteFideId "200425"]
[BlackFideId "4130804"]
[EventDate "2015.12.04"]

1. d4 Nf6 2. c4 e6 3. g3 Bb4+ 4. Bd2 Be7 5. Bg2 d5 6. Nf3 c6 7. Qc2 O-O 8. O-O
Nbd7 9. Bf4 Nh5 10. Bc1 Nhf6 11. Nbd2 b6 12. e4 Ba6 13. e5 Ne8 14. Re1 Nc7 15.
cxd5 Nxd5 16. Ne4 Nb4 1/2-1/2

[Event "London Classic Open 2015"]
[Site "London ENG"]
[Date "2015.12.04"]
[Round "1.7"]
[White "Jumabayev, Rinat"]
[Black "Myers, Dominique"]
[Result "1-0"]
[WhiteTitle "GM"]
[WhiteElo "2599"]
[BlackElo "2132"]
[WhiteFideId "13702661"]
[BlackFideId "2041715"]
[EventDate "2015.12.04"]

1. Nf3 Nf6 2. c4 g6 3. g3 Bg7 4. Bg2 d5 5. cxd5 Nxd5 6. h4 h6 7. Nc3 Nb6 8. d3
Nc6 9. Be3 Be6 10. Rc1 a5 11. a3 Nd5 12. Bd2 O-O 13. Ne4 Nb8 14. Rc2 Nd7 15. Qc1
Kh7 16. h5 g5 17. Bxg5 hxg5 18. Nexg5+ Kh8 19. Nh4 Ne5 20. d4 Ng4 21. e4 Bh6 22.
Ng6+ fxg6 23. hxg6 Nde3 24. Rxh6+ Nxh6 25. g7+ Kxg7 26. Nxe6+ Kh7 27. Qxe3 Qd6
28. Nxf8+ Rxf8 29. e5 Qb6 30. Be4+ Kh8 31. Rc6 1-0

[Event "London Classic Open 2015"]
[Site "London ENG"]
[Date "2015.12.04"]
[Round "1.8"]
[White "Moran, Stephen"]
[Black "Bok, Benjamin"]
[Result "1/2-1/2"]
[BlackTitle "GM"]
[WhiteElo "2135"]
[BlackElo "2591"]
[WhiteFideId "2501872"]
[BlackFideId "1017063"]
[EventDate "2015.12.04"]

1. d4 Nf6 2. c4 e6 3. Nc3 Bb4 4. e3 O-O 5. Ne2 d5 6. a3 Be7 7. cxd5 exd5 8. Nf4
c6 9. Bd3 Nbd7 10. O-O Re8 11. f3 Nf8 12. Bc2 Ne6 13. Nxe6 Bxe6 14. Qd3 c5 15.
dxc5 Bxc5 16. b4 Bd6 17. Bb2 Be5 18. f4 Bxc3 19. Bxc3 Ne4 20. Bb2 Qd7 21. Qd4 f6
22. Rad1 Nd6 23. Qd3 Ne4 24. Qd4 Qe7 25. Bxe4 dxe4 26. Qxe4 Qf7 27. Qd4 Bf5 28.
Qd5 Be6 29. Qd4 Bf5 30. Qd5 Be6 31. Qd4 Bf5 1/2-1/2

[Event "London Classic Open 2015"]
[Site "London ENG"]
[Date "2015.12.04"]
[Round "1.10"]
[White "Hebbes, Tim"]
[Black "Hawkins, Jonathan"]
[Result "0-1"]
[BlackTitle "GM"]
[WhiteElo "2112"]
[BlackElo "2563"]
[WhiteFideId "406570"]
[BlackFideId "412686"]
[EventDate "2015.12.04"]

1. Nf3 d5 2. e3 Nf6 3. c4 e6 4. Nc3 c5 5. cxd5 exd5 6. d4 Nc6 7. Be2 cxd4 8.
Nxd4 Bc5 9. O-O O-O 10. Nxc6 bxc6 11. b3 Bf5 12. Bb2 Bd6 13. Bf3 Re8 14. Rc1 Rc8
15. Re1 Ne4 16. Nxe4 Bxe4 17. Bd4 Qh4 18. g3 Qh3 19. Bxe4 Rxe4 20. Qf3 c5 21.
Bc3 Qe6 22. Rcd1 f6 23. Qh5 f5 24. Rf1 Rg4 25. Qh3 Be5 26. Bxe5 Qxe5 27. Qg2 Re4
28. Rd2 c4 29. bxc4 dxc4 30. Qf3 c3 31. Rc2 a5 32. Rd1 h6 33. Rd3 Rb4 34. Qd1
Kh7 35. Rd5 Qe4 36. Rd3 Rb1 37. Qxb1 Qxd3 38. h4 Kg6 39. Qb3 Rc6 40. Kh2 Kh5 41.
Qb1 g5 42. hxg5 hxg5 43. Qb3 Kg4 44. Rc1 Qe2 45. Kg1 Qf3 46. Rxc3 Kh3 47. Kf1
Rb6 48. Qc2 Rb2 0-1

[Event "London Classic Open 2015"]
[Site "London ENG"]
[Date "2015.12.04"]
[Round "1.11"]
[White "Dragun, Kamil"]
[Black "Abrahams, Daniel"]
[Result "1-0"]
[WhiteTitle "GM"]
[WhiteElo "2564"]
[BlackElo "2111"]
[WhiteFideId "1134167"]
[BlackFideId "2606879"]
[EventDate "2015.12.04"]

1. d4 Nf6 2. c4 e6 3. Nf3 Bb4+ 4. Bd2 a5 5. Nc3 O-O 6. e3 d6 7. Qc2 Nbd7 8. a3
Bxc3 9. Bxc3 Re8 10. Be2 e5 11. O-O e4 12. Nd2 c6 13. b4 axb4 14. axb4 Rxa1 15.
Rxa1 d5 16. b5 Nf8 17. Ra8 Qe7 18. Qa4 Bd7 19. b6 dxc4 20. Rxe8 Qxe8 21. Nxc4
Nd5 22. Bb2 Qd8 23. Qa5 Be6 24. Ba3 Nd7 25. Bc5 f5 26. Bf1 g6 27. Qa7 f4 28.
Qxb7 fxe3 29. fxe3 Nxc5 30. dxc5 Nb4 31. Qa7 Nd3 32. b7 Qf8 33. b8=Q Bc8 34.
Bxd3 1-0

[Event "London Classic Open 2015"]
[Site "London ENG"]
[Date "2015.12.04"]
[Round "1.12"]
[White "Salimbeni, George P W"]
[Black "Rambaldi, Francesco"]
[Result "0-1"]
[BlackTitle "GM"]
[WhiteElo "2111"]
[BlackElo "2557"]
[WhiteFideId "404080"]
[BlackFideId "20657307"]
[EventDate "2015.12.04"]

1. e4 d6 2. d4 Nf6 3. Nc3 g6 4. Nf3 Bg7 5. Be2 O-O 6. O-O a6 7. a4 Nc6 8. h3 e5
9. Be3 exd4 10. Nxd4 Re8 11. Nxc6 bxc6 12. Bf3 Nd7 13. Qd2 Rb8 14. Rab1 Qe7 15.
Ba7 Rb7 16. Bd4 Bxd4 17. Qxd4 a5 18. Rfe1 Qg5 19. Qe3 Qf6 20. Qd2 Nc5 21. Re3
Qg5 22. Re2 Qe5 23. b3 Ne6 24. Rd1 Rb4 25. Re3 Rd4 26. Rd3 c5 27. Nd5 Rxd3 28.
Qxd3 Bd7 29. Bg4 Nf4 30. Nxf4 Bxg4 31. hxg4 Qxf4 32. f3 Rb8 33. Qc3 Rb4 34. Kf2
Rxe4 35. Qxa5 Qe3+ 36. Kg3 h5 37. Qa8+ Re8 38. Qd5 hxg4 39. Rd3 Qe1+ 40. Kh2
Qh4+ 41. Kg1 Re1# 0-1

[Event "London Classic Open 2015"]
[Site "London ENG"]
[Date "2015.12.04"]
[Round "1.13"]
[White "Vakhidov, Jahongir"]
[Black "Jamroz, Krzysztof"]
[Result "1-0"]
[WhiteTitle "GM"]
[WhiteElo "2546"]
[BlackElo "2103"]
[WhiteFideId "14201801"]
[BlackFideId "1111850"]
[EventDate "2015.12.04"]

1. d4 Nf6 2. c4 e6 3. Nc3 c5 4. e3 d5 5. Nf3 Nc6 6. cxd5 exd5 7. Bb5 a6 8. Bxc6+
bxc6 9. dxc5 Bxc5 10. O-O O-O 11. h3 Bd6 12. b3 Bb8 13. Bb2 Qd6 14. Na4 Nd7 15.
Rc1 Bb7 16. e4 dxe4 17. Qxd6 Bxd6 18. Rfd1 Bf4 19. Rc4 exf3 20. Rxf4 Nf6 21.
Bxf6 gxf6 22. Nc5 Bc8 23. Rxf3 f5 24. Rd6 Re8 25. Re3 Rxe3 26. fxe3 Kf8 27. Rxc6
Ke7 28. Rh6 Be6 29. Nxe6 fxe6 30. Rxh7+ Kf6 31. Rh4 Rb8 32. Ra4 Rb6 33. Kf2 Kg5
34. Kf3 e5 35. h4+ Kh5 36. g3 Rd6 37. Ra5 Re6 38. e4 1-0

[Event "London Classic Open 2015"]
[Site "London ENG"]
[Date "2015.12.04"]
[Round "1.14"]
[White "Peiris, T G M"]
[Black "Baron, Tal"]
[Result "1/2-1/2"]
[BlackTitle "GM"]
[WhiteElo "2099"]
[BlackElo "2544"]
[WhiteFideId "9901310"]
[BlackFideId "2809958"]
[EventDate "2015.12.04"]

1. d4 Nf6 2. c4 e6 3. Nf3 d5 4. e3 Be7 5. Nc3 O-O 6. Qc2 b6 7. cxd5 exd5 8. Bd3
c5 9. dxc5 bxc5 10. O-O Nc6 11. a3 Bg4 12. Rd1 Qd7 13. Be2 Rac8 14. b3 Rfd8 15.
Bb2 Qe6 16. Re1 Rb8 17. Na4 Ne4 18. Rab1 Qg6 19. Ne5 Nxe5 20. Bxe5 Bf5 21. Bxb8
Ng3 22. Qd2 Nxe2+ 23. Qxe2 Bxb1 24. Bxa7 Bd3 25. Qd2 Rc8 26. Nc3 Rd8 27. Rd1 Bc2
28. Nxd5 Rxd5 29. Qxd5 h6 1/2-1/2

[Event "London Classic Open 2015"]
[Site "London ENG"]
[Date "2015.12.04"]
[Round "1.15"]
[White "Hillarp Persson, Tiger"]
[Black "Asenov, Pavel"]
[Result "1-0"]
[WhiteTitle "GM"]
[WhiteElo "2539"]
[BlackElo "2114"]
[WhiteFideId "1700812"]
[BlackFideId "433705"]
[EventDate "2015.12.04"]

1. d4 d5 2. c4 c6 3. Nf3 Nf6 4. Nc3 dxc4 5. a4 Bf5 6. Ne5 Nbd7 7. Nxc4 Qc7 8. g3
e5 9. dxe5 Nxe5 10. Bf4 Nfd7 11. a5 f6 12. a6 b5 13. Ne3 Bg6 14. Bg2 Rd8 15. O-O
Nc5 16. Qe1 Be7 17. Rc1 Qb6 18. Bxe5 fxe5 19. Ng4 Bd6 20. Na2 O-O 21. Nb4 Nb3
22. Nxc6 Nxc1 23. Nxd8 Rxd8 24. Qxc1 Qxa6 25. Qg5 Re8 26. h4 Bc7 27. Rd1 Qc8 28.
Rc1 e4 29. h5 Bd8 30. Qd5+ Bf7 31. Qxf7+ Kxf7 32. Rxc8 1-0

[Event "London Classic Open 2015"]
[Site "London ENG"]
[Date "2015.12.04"]
[Round "1.16"]
[White "Gross, Willi"]
[Black "Vishnu Prasanna, V"]
[Result "0-1"]
[BlackTitle "GM"]
[WhiteElo "2086"]
[BlackElo "2514"]
[WhiteFideId "1270470"]
[BlackFideId "5030692"]
[EventDate "2015.12.04"]

1. d4 Nf6 2. c4 g6 3. Nc3 Bg7 4. e4 d6 5. Nf3 O-O 6. Be2 Na6 7. O-O e5 8. d5 Nc5
9. Qc2 a5 10. Bg5 h6 11. Bh4 g5 12. Bg3 Nh5 13. Ne1 Nf4 14. Nd3 b6 15. f3 f5 16.
b3 Nfxd3 17. Bxd3 f4 18. Bf2 h5 19. a3 g4 20. b4 Nxd3 21. Qxd3 Qg5 22. Kh1 g3
23. Bg1 h4 24. Qd2 h3 25. hxg3 hxg2+ 26. Kxg2 axb4 27. Ne2 Qh5 28. g4 Bxg4 29.
fxg4 Qxg4+ 30. Kh1 f3 31. Rf2 fxe2 32. Rxe2 Rxa3 33. Rae1 Qf3+ 34. Rg2 Rf4 35.
Bh2 Rg4 0-1

[Event "London Classic Open 2015"]
[Site "London ENG"]
[Date "2015.12.04"]
[Round "1.17"]
[White "Gledura, Benjamin"]
[Black "Serntedakis, Athanasios"]
[Result "1-0"]
[WhiteTitle "IM"]
[WhiteElo "2513"]
[BlackElo "2091"]
[WhiteFideId "712779"]
[BlackFideId "4239423"]
[EventDate "2015.12.04"]

1. d4 Nf6 2. c4 e6 3. Nf3 Bb4+ 4. Nbd2 d5 5. Qa4+ Nc6 6. a3 Bxd2+ 7. Bxd2 Ne4 8.
Bc3 O-O 9. e3 Bd7 10. Qc2 Be8 11. Bd3 f5 12. b4 Nxc3 13. Qxc3 Bh5 14. Be2 Ne7
15. O-O c6 16. a4 Ng6 17. g3 dxc4 18. Qxc4 Qd5 19. Qxd5 cxd5 20. Rfc1 Rfc8 21.
Kg2 Bxf3+ 22. Kxf3 Kf7 23. a5 Ke7 24. Rc5 Kd6 25. Rac1 Ne7 26. g4 fxg4+ 27. Kxg4
b6 28. axb6 axb6 29. Rxc8 Rxc8 30. Ra1 Rc2 31. Kf3 Nf5 32. Bd3 Rc7 33. Ra6 Rb7
34. Kg4 g6 35. Kg5 Ke7 36. Ra8 Kf7 37. Bxf5 gxf5 38. h4 Kg7 39. h5 h6+ 40. Kf4
Rc7 41. Ke5 Rc2 42. Ra7+ Kh8 43. Kxe6 Rxf2 44. Kxd5 Rh2 45. Ke6 Rxh5 46. d5 Rh3
47. d6 Rxe3+ 48. Kxf5 1-0

[Event "London Classic Open 2015"]
[Site "London ENG"]
[Date "2015.12.04"]
[Round "1.18"]
[White "Jameson, David"]
[Black "Sadzikowski, Daniel"]
[Result "0-1"]
[BlackTitle "IM"]
[WhiteElo "2088"]
[BlackElo "2510"]
[WhiteFideId "1801538"]
[BlackFideId "1132253"]
[EventDate "2015.12.04"]

1. e4 c5 2. c3 Nf6 3. e5 Nd5 4. d4 cxd4 5. Nf3 e6 6. cxd4 b6 7. Nc3 Nxc3 8. bxc3
Qc7 9. Bd2 Be7 10. Bd3 Ba6 11. Bxa6 Nxa6 12. Qe2 Nb8 13. O-O O-O 14. Rfe1 d5 15.
exd6 Bxd6 16. h3 Nd7 17. Rab1 Rac8 18. Ng5 Nf6 19. Ne4 Nxe4 20. Qxe4 Qc4 21. Rb2
Rfd8 22. Re3 Bf8 23. Rf3 Rd5 24. Bf4 Ra5 25. Qc2 Ra3 26. Rb3 Ra4 27. Qd2 Qa6 28.
Rb2 Qa5 29. Rd3 Qd5 30. Be5 f6 31. Bg3 b5 32. Qe2 Rc6 33. Re3 a6 34. Qd2 Ra3 35.
Rc2 Qc4 36. Rd3 Qd5 37. Re3 Kf7 38. Kh2 Rc4 39. Kg1 Qc6 40. Rd3 b4 41. d5 exd5
42. Rxd5 Raxc3 43. Rb2 Qe6 44. Kh2 Rc8 45. Rd7+ Kg8 46. Qd4 Rc2 47. Rxc2 Rxc2
48. Rd8 Rc8 49. Rxc8 Qxc8 50. Bd6 Bxd6+ 51. Qxd6 Qc4 52. Qd8+ Kf7 53. Qd7+ Kg6
54. g4 Qf4+ 55. Kg2 Qe4+ 56. f3 Qc2+ 57. Kg3 h6 58. Qd5 Kh7 59. h4 Qb1 60. Kg2
Qb2+ 61. Kg3 Qe5+ 62. Qxe5 fxe5 63. Kf2 h5 64. Ke3 hxg4 65. fxg4 a5 66. Kd3 a4
67. Kc4 b3 68. axb3 a3 0-1

[Event "London Classic Open 2015"]
[Site "London ENG"]
[Date "2015.12.04"]
[Round "1.19"]
[White "Hector, Jonny"]
[Black "Gaudeau, Valentin"]
[Result "1/2-1/2"]
[WhiteTitle "GM"]
[WhiteElo "2489"]
[BlackElo "2080"]
[WhiteFideId "1700090"]
[BlackFideId "662216"]
[EventDate "2015.12.04"]

1. e4 c5 2. Nc3 Nc6 3. Nf3 g6 4. Bc4 Bg7 5. O-O a6 6. Re1 d6 7. h3 e6 8. a3 Nge7
9. d3 b5 10. Ba2 Bb7 11. Be3 O-O 12. Qd2 Nd4 13. Nh2 d5 14. exd5 Nxd5 15. Bg5
Bf6 16. Bh6 Bg7 17. Bxg7 Kxg7 18. Ne4 Rc8 19. Ng4 Nf5 20. c4 Nb6 21. Rad1 Qd4
22. Qa5 Na4 23. Nh2 Qxb2 24. cxb5 Qxb5 25. Qd2 Qb2 26. Qxb2+ Nxb2 27. Rd2 Na4
28. Rc1 Rfd8 29. f3 Bd5 30. Nf2 Rb8 1/2-1/2

[Event "London Classic Open 2015"]
[Site "London ENG"]
[Date "2015.12.04"]
[Round "1.20"]
[White "Seymour, Timothy P"]
[Black "Westerberg, Jonathan"]
[Result "0-1"]
[BlackTitle "IM"]
[WhiteElo "2082"]
[BlackElo "2496"]
[WhiteFideId "412112"]
[BlackFideId "1701754"]
[EventDate "2015.12.04"]

1. e4 c5 2. c3 Nf6 3. e5 Nd5 4. Nf3 e6 5. d4 cxd4 6. cxd4 d6 7. Bc4 Be7 8. O-O
O-O 9. Bd2 b6 10. Bxd5 exd5 11. Nc3 Be6 12. Bf4 dxe5 13. Nxe5 f6 14. Nd3 Nc6 15.
Be3 Qd7 16. Rc1 Bf7 17. h3 Rac8 18. Re1 Rfe8 19. Qf3 Na5 20. Nf4 Bb4 21. Nfxd5
Bf8 22. Qg4 Qxg4 23. hxg4 Nc4 24. b3 Nxe3 25. Rxe3 Rxe3 26. Nxe3 Ba3 27. Rc2 Bg6
28. Ne4 Re8 29. f3 Bxe4 30. fxe4 Rxe4 31. Rc8+ Bf8 32. Nf5 g6 33. Nd6 Rxd4 34.
Ne8 Kf7 35. Nxf6 Bc5 36. Nxh7 Rd8+ 37. Rxc5 bxc5 38. Ng5+ Ke7 39. Ne4 c4 40. Kf2
cxb3 41. axb3 Rd3 42. Nc5 Rc3 43. b4 a5 44. Na6 a4 0-1

[Event "London Classic Open 2015"]
[Site "London ENG"]
[Date "2015.12.04"]
[Round "1.21"]
[White "Blomqvist, Erik"]
[Black "Foord, Dominic"]
[Result "1-0"]
[WhiteTitle "GM"]
[WhiteElo "2486"]
[BlackElo "2081"]
[WhiteFideId "1709437"]
[BlackFideId "415391"]
[EventDate "2015.12.04"]

1. Nf3 d5 2. g3 Nf6 3. Bg2 g6 4. c4 c6 5. b3 Bg7 6. Bb2 O-O 7. O-O Bg4 8. d3
Nbd7 9. Nbd2 Re8 10. h3 Bxf3 11. Nxf3 e5 12. cxd5 cxd5 13. Rc1 e4 14. dxe4 dxe4
15. Nd4 Qa5 16. a3 Rad8 17. b4 Qg5 18. e3 Ne5 19. h4 Qh6 20. Rc7 Nd5 21. Rxb7
Nd3 22. Ba1 Nxe3 23. Qb3 Rf8 24. fxe3 Qxe3+ 25. Kh2 Nf2 26. Qxe3 Ng4+ 27. Kh3
Nxe3 28. Nc6 Rd2 29. Ne7+ Kh8 30. Rxf7 1-0

[Event "London Classic Open 2015"]
[Site "London ENG"]
[Date "2015.12.04"]
[Round "1.22"]
[White "Rogers, Tim L"]
[Black "Fodor, Tamas Jr."]
[Result "1/2-1/2"]
[BlackTitle "GM"]
[WhiteElo "2062"]
[BlackElo "2491"]
[WhiteFideId "418137"]
[BlackFideId "723762"]
[EventDate "2015.12.04"]

1. e4 e5 2. Nf3 Nc6 3. d4 exd4 4. Nxd4 Bc5 5. Nxc6 Qf6 6. Qf3 bxc6 7. Bc4 d6 8.
Nc3 Be6 9. Bb3 Bd4 10. Nd1 Qg6 11. O-O Ne7 12. Bxe6 fxe6 13. Qd3 Bb6 14. a4 O-O
15. a5 Bc5 16. Qc4 a6 17. b4 Ba7 18. Be3 d5 19. exd5 exd5 20. Qc3 Qd6 21. Bxa7
Rxa7 22. Nb2 Ng6 23. Nd3 Nf4 24. Nxf4 Rxf4 25. Rfe1 Ra8 26. Rab1 Rb8 27. g3
Rfxb4 28. Rxb4 Qxb4 29. Qe3 h6 30. c3 Qc4 31. Qe5 Rf8 32. Re3 Qa2 33. f4 Qxa5
34. Qe6+ Kh8 35. Qxc6 Qb6 36. Qxb6 cxb6 37. Re6 Rf6 38. Re8+ Kh7 39. Rc8 Rd6 40.
Kf2 d4 41. c4 d3 42. Ke1 d2+ 43. Kd1 h5 44. Ra8 a5 45. Ra6 Rc6 46. Kxd2 Rxc4 47.
Rxb6 Ra4 48. Ke3 Ra2 49. Ra6 a4 50. f5 a3 51. Kf4 Rxh2 52. Rxa3 1/2-1/2

[Event "London Classic Open 2015"]
[Site "London ENG"]
[Date "2015.12.04"]
[Round "1.23"]
[White "Arkell, Keith C"]
[Black "Brugo, Marco"]
[Result "1-0"]
[WhiteTitle "GM"]
[WhiteElo "2499"]
[BlackElo "2099"]
[WhiteFideId "400270"]
[BlackFideId "806609"]
[EventDate "2015.12.04"]

1. d4 e6 2. c4 f5 3. g3 Nf6 4. Bg2 Be7 5. Nf3 d6 6. O-O O-O 7. b3 Ne4 8. Bb2 Bf6
9. Nc3 Nc6 10. Rc1 Nxc3 11. Bxc3 e5 12. dxe5 dxe5 13. Qd5+ Kh8 14. Qxd8 Rxd8 15.
Rfd1 Be6 16. Ne1 Bg5 17. Rb1 e4 18. Nc2 Rxd1+ 19. Rxd1 Rd8 20. Rxd8+ Nxd8 21.
Nd4 Bd7 22. Bh3 Bf6 23. Nb5 Bxc3 24. Nxc3 g6 25. Nxe4 Bc6 26. Nc3 Ne6 27. Bg2
Bxg2 28. Kxg2 c6 29. f4 Kg7 30. e4 fxe4 31. Nxe4 b5 32. cxb5 cxb5 33. Kf2 Nc7
34. Ke3 Nd5+ 35. Kd4 Nb4 36. Nc3 1-0

[Event "London Classic Open 2015"]
[Site "London ENG"]
[Date "2015.12.04"]
[Round "1.24"]
[White "Sucikova, Svetlana"]
[Black "Sagar, Shah"]
[Result "0-1"]
[BlackTitle "IM"]
[WhiteElo "2070"]
[BlackElo "2441"]
[WhiteFideId "14923653"]
[BlackFideId "5022509"]
[EventDate "2015.12.04"]

1. c4 c5 2. Nc3 g6 3. g3 Bg7 4. Bg2 Nc6 5. Nf3 e5 6. O-O Nge7 7. d3 O-O 8. Ne1
d6 9. Nc2 Be6 10. Ne3 Qd7 11. Ned5 Bh3 12. Bh6 Bxg2 13. Kxg2 f5 14. Bxg7 Kxg7
15. f4 Rae8 16. Qd2 Nxd5 17. Nxd5 Ne7 18. fxe5 Nxd5 19. cxd5 Rxe5 20. e4 fxe4
21. Rxf8 e3 22. Qe2 Kxf8 23. Rf1+ Kg7 24. Rf4 Qe8 25. Kf3 g5 26. Re4 Rxe4 27.
dxe4 Qh5+ 28. Kxe3 Qxe2+ 29. Kxe2 Kf6 30. a4 g4 31. Kd3 Ke5 32. b3 b6 33. Ke3 a6
34. Kd3 b5 35. axb5 axb5 36. Ke3 c4 0-1

[Event "London Classic Open 2015"]
[Site "London ENG"]
[Date "2015.12.04"]
[Round "1.25"]
[White "Kjartansson, Gudmundur"]
[Black "Compton, Alistair"]
[Result "1/2-1/2"]
[WhiteTitle "IM"]
[WhiteElo "2475"]
[BlackElo "2081"]
[WhiteFideId "2301318"]
[BlackFideId "4300645"]
[EventDate "2015.12.04"]

1. c4 e6 2. Nc3 d5 3. d4 c5 4. cxd5 exd5 5. Nf3 Nc6 6. dxc5 d4 7. Na4 Bxc5 8.
Nxc5 Qa5+ 9. Bd2 Qxc5 10. b4 Qb6 11. a4 a6 12. b5 axb5 13. axb5 Rxa1 14. Qxa1
Qxb5 15. e3 d3 16. Qc3 Qb1+ 17. Bc1 Qc2 18. Qxc2 dxc2 19. Ba3 Bf5 20. Nh4 Be6
21. Bd3 Nge7 22. Ke2 O-O 23. Nf3 Ra8 24. Bxe7 Nxe7 25. Nd4 Nc6 26. Nxc2 Ra2 27.
Rb1 Ne5 28. Ra1 Nxd3 29. Kxd3 Rxa1 30. Nxa1 Kf8 31. Kd4 b6 32. Nc2 Ke7 33. Kc3
Kd6 34. Kb4 Bd7 35. Nd4 Kd5 36. Nf3 h6 37. Nd2 f6 38. Nc4 Kc6 39. Nb2 Bf5 40.
Nd1 Be4 41. f3 Bd3 42. e4 f5 43. exf5 Bxf5 44. Ne3 Be6 45. f4 Bd5 46. Nf5 Bxg2
47. Nxg7 Kd5 48. Nf5 Ke4 49. Nxh6 Kxf4 50. Kb5 Kg5 51. Nf7+ Kh4 52. Kxb6 Kh3 53.
Kc5 Kxh2 1/2-1/2